000 00542nam a2200205Ia 4500
005 20250508165249.0
008 008 250505s9999 xx 000 0 eng d
020 _a978-0-415-253835-7
037 _aTextual
040 _aFEDL
_beng
_cFEDL
041 _aeng
_2eng
084 _a302, FAU
_qFEDL
100 _aFoucault Michel
245 0 _aArchaeology of knowledge
260 _aLondon, UK
_bRoutledge Classics
_c2002
300 _avi, 239p.
365 _aINR
_b350
942 _cTEXL
_h302, FAU
999 _c1394116
_d1394116